[Event "DEM U14 2024"]
[Site "Willingen GER"]
[Date "2024.05.19"]
[Round "1"]
[White "Nönnig, Jakob"]
[Black "Besou, Hussain"]
[Result "0-1"]
[Termination "normal"]
[Board "1"]
[BlackTitle "FM"]
[WhiteElo "1990"]
[BlackElo "2260"]
[PlyCount "62"]
[WhiteFideId "16289447"]
[BlackFideId "16269950"]
[EventCountry "GER"]
[EventRounds "9"]
[EventType "swiss"]
[EventDate "2024.05.18"]

1. e4 c5 2. Nf3 d6 3. d4 cxd4 4. Nxd4 Nf6 5. Nc3 a6 6. Bg5 Nbd7 7. Qe2 e6 8.
O-O-O Qc7 9. f4 b5 10. a3 Bb7 11. g4 Rc8 12. Bg2 Qc4 13. Bf3 Qxe2 14. Ndxe2 h6
15. Bh4 Be7 16. Bg3 g5 17. h3 gxf4 18. Bxf4 Ne5 19. Bg2 Nfd7 20. Ng3 Nc4 21.
Nh5 Nxa3 22. bxa3 Rxc3 23. Bxd6 Bxd6 24. Rxd6 Ke7 25. Rhd1 Ne5 26. R6d4 Rhc8
27. R1d2 Rxa3 28. Kb1 Re3 29. Nf4 Rc4 30. Rxc4 Nxc4 31. Re2 e5 0-1

[Event "DEM U14 2024"]
[Site "Willingen GER"]
[Date "2024.05.19"]
[Round "1"]
[White "Korchynskyi, Mykola"]
[Black "Goldkuhle, Collin"]
[Result "1-0"]
[Termination "normal"]
[Board "2"]
[WhiteTitle "FM"]
[WhiteElo "2313"]
[BlackElo "1909"]
[PlyCount "61"]
[WhiteFideId "34138005"]
[BlackFideId "16271106"]
[EventCountry "GER"]
[EventRounds "9"]
[EventType "swiss"]
[EventDate "2024.05.18"]

1. d4 Nf6 2. c4 e6 3. Nc3 Bb4 4. Qc2 d5 5. cxd5 Qxd5 6. e3 c5 7. dxc5 Ne4 8.
Nge2 Qf5 9. Nd4 Qxc5 10. Qxe4 Bxc3+ 11. bxc3 Qxc3+ 12. Kd1 Qxa1 13. Bb5+ Nd7
14. Qc2 a6 15. Bd3 Nf6 16. Kd2 Bd7 17. Rd1 Rc8 18. Qb3 e5 19. Ba3 Qxd1+ 20.
Kxd1 exd4 21. Qb4 Nd5 22. Qxb7 Nc3+ 23. Ke1 dxe3 24. Bf5 exf2+ 25. Kxf2 Rd8 26.
Bxd7+ Rxd7 27. Qc8+ Rd8 28. Qc6+ Rd7 29. Qxc3 Kd8 30. Bb4 f6 31. Qc5 1-0

[Event "DEM U14 2024"]
[Site "Willingen GER"]
[Date "2024.05.19"]
[Round "1"]
[White "Aniol, Nico"]
[Black "Nechitaylo, Nikita"]
[Result "0-1"]
[Termination "normal"]
[Board "3"]
[BlackTitle "CM"]
[WhiteElo "1860"]
[BlackElo "2212"]
[WhiteClock "01:16:42"]
[PlyCount "48"]
[WhiteFideId "16287096"]
[BlackFideId "34138161"]
[EventCountry "GER"]
[EventRounds "9"]
[EventType "swiss"]
[EventDate "2024.05.18"]

1. e4 c5 2. Nf3 Nc6 3. Bb5 g6 4. O-O Bg7 5. Re1 Nf6 6. c3 O-O 7. d4 d5 8. exd5
Qxd5 9. dxc5 Qxc5 10. Na3 Nd5 11. c4 Nb6 12. Qe2 Bg4 13. Bxc6 Qxc6 14. Ne5 Bxe2
15. Nxc6 bxc6 16. Rxe2 Na4 17. Nc2 Nxb2 18. Bxb2 Bxb2 19. Rd1 Bf6 20. Nb4 Rfc8
21. Na6 c5 22. Rd5 Rc6 23. Nxc5 e6 24. Ne4 {[%clk 01:16:42]} exd5 0-1

[Event "DEM U14 2024"]
[Site "Willingen GER"]
[Date "2024.05.19"]
[Round "1"]
[White "Mohylnyi, Stepan"]
[Black "Mukazhanov, Mansur"]
[Result "1-0"]
[Termination "normal"]
[Board "4"]
[WhiteElo "2140"]
[BlackElo "1919"]
[PlyCount "79"]
[WhiteFideId "34127836"]
[BlackFideId "13752324"]
[EventCountry "GER"]
[EventRounds "9"]
[EventType "swiss"]
[EventDate "2024.05.18"]

1. e4 c5 2. Nf3 Nc6 3. d4 cxd4 4. Nxd4 Nf6 5. Nc3 g6 6. Nde2 Bg7 7. g3 O-O 8.
Bg2 d6 9. O-O a6 10. h3 e5 11. Be3 Be6 12. Nd5 Bxd5 13. exd5 Ne7 14. c4 Rc8 15.
Qb3 Qc7 16. Rac1 Nd7 17. g4 f5 18. c5 f4 19. c6 fxe3 20. cxb7 exf2+ 21. Kh1 Nc5
22. bxc8=Q Qxc8 23. Qc4 a5 24. Nc3 Rf4 25. Qe2 Qf8 26. Rc2 g5 27. Ne4 h5 28.
Nxc5 dxc5 29. d6 Ng6 30. Qd3 Nh4 31. d7 Bf6 32. Qd5+ Kh7 33. Qb7 Bd8 34. Qd5
hxg4 35. Qxe5 Bf6 36. Qc7 Kh6 37. Qxc5 Be7 38. Qb6+ Rf6 39. Rfxf2 Nf5 40. Rxf5
1-0

[Event "DEM U14 2024"]
[Site "Willingen GER"]
[Date "2024.05.19"]
[Round "1"]
[White "Uyar, Levin"]
[Black "Nemitz, Alfred"]
[Result "1-0"]
[Termination "normal"]
[Board "5"]
[BlackTitle "FM"]
[WhiteElo "1868"]
[BlackElo "2220"]
[WhiteClock "01:33:10"]
[PlyCount "39"]
[WhiteFideId "16282108"]
[BlackFideId "34601791"]
[EventCountry "GER"]
[EventRounds "9"]
[EventType "swiss"]
[EventDate "2024.05.18"]

1. e4 e5 2. Nf3 Nc6 3. Bb5 a6 4. Ba4 Nf6 5. d4 exd4 6. O-O Be7 7. e5 Ne4 8.
Nxd4 O-O 9. Re1 Nxf2 10. Nxc6 Nxd1 11. Nxd8 Bc5+ 12. Kf1 Nf2 13. h3 Rxd8 14.
Bg5 Re8 15. Nc3 b5 16. Bb3 Bb7 17. Bd5 Nh1 18. g4 Bxd5 19. Nxd5 f6 20. exf6 Bd6
21. Kg2 Ng3 22. Kf3 h5 23. Bh4 c6 24. Ne7+ Kf7 25. Bxg3 Bxg3 26. Kxg3 Kxf6 27.
Nf5 d5 28. Rf1 Kg5 29. h4+ Kg6 30. gxh5+ Kh7 31. Rae1 c5 32. c3 a5 33. Nd6 Rxe1
34. Rxe1 b4 35. Re5 a4 36. cxb4 cxb4 37. Rxd5 Kh6 38. Rb5 a3 39. Nf7+ Kh7 40.
Rxb4 axb2 41. Rxb2 Ra3+ 42. Kf2 Ra4 43. Kg3 Ra3+ 44. Kg2 Ra4 45. Kg3 Ra3+ 46.
Kf4 Ra4+ 47. Ke5 Rxh4 48. Kd6 Rxh5 49. a4 Kg6 50. Ne5+ Kf5 51. Rb5 Ke4 52. Nd7
Rh1 53. a5 Kf4 54. Kc7 g5 55. Nf6 Rh6 56. Rb6 g4 57. Nd5+ 1-0

[Event "DEM U14 2024"]
[Site "Willingen GER"]
[Date "2024.05.19"]
[Round "1"]
[White "Sydykov, Bayastan"]
[Black "Savchuk, Alexander"]
[Result "1-0"]
[Termination "normal"]
[Board "6"]
[WhiteElo "2181"]
[BlackElo "1865"]
[PlyCount "63"]
[WhiteFideId "13829610"]
[BlackFideId "34617434"]
[EventCountry "GER"]
[EventRounds "9"]
[EventType "swiss"]
[EventDate "2024.05.18"]

1. e4 c5 2. Nf3 d6 3. Bb5+ Bd7 4. Bxd7+ Qxd7 5. c4 e5 6. Nc3 Ne7 7. a3 Nbc6 8.
d3 g6 9. h4 h6 10. h5 g5 11. Nd2 f5 12. exf5 Nxf5 13. Nde4 Bg7 14. Nd5 O-O 15.
Qg4 Nce7 16. Nec3 Rad8 17. O-O Nd4 18. Qxd7 Rxd7 19. Be3 Nef5 20. Rae1 Bf6 21.
Bxd4 exd4 22. Nxf6+ Rxf6 23. Nd5 Rff7 24. Re6 Kf8 25. Rfe1 Rd8 26. R1e4 Kg7 27.
Rg6+ Kh7 28. Ree6 Rg7 29. g4 Nh4 30. Nf6+ Kh8 31. Rxh6+ Rh7 32. Rxh7# 1-0

[Event "DEM U14 2024"]
[Site "Willingen GER"]
[Date "2024.05.19"]
[Round "1"]
[White "Pimenov, Danil"]
[Black "Schuricht, Emil Frederick"]
[Result "1/2-1/2"]
[Termination "normal"]
[Board "7"]
[WhiteElo "1863"]
[BlackElo "2027"]
[PlyCount "83"]
[WhiteFideId "34600248"]
[BlackFideId "16270185"]
[EventCountry "GER"]
[EventRounds "9"]
[EventType "swiss"]
[EventDate "2024.05.18"]

1. e4 c6 2. d4 d5 3. exd5 cxd5 4. Bd3 Nc6 5. c3 Qc7 6. h3 g6 7. Nf3 Bf5 8. O-O
e6 9. Bg5 Bd6 10. Qe2 Bxd3 11. Qxd3 h6 12. Be3 Nf6 13. Nbd2 O-O-O 14. c4 g5 15.
c5 Bf4 16. Bxf4 Qxf4 17. Qe3 Ne4 18. Rad1 Qf5 19. Ne5 Nxd2 20. Rxd2 Nxe5 21.
dxe5 Kb8 22. b4 Qe4 23. Qxe4 dxe4 24. Rd6 Rxd6 25. exd6 Kc8 26. Re1 Kd7 27.
Rxe4 b6 28. Rc4 Kc6 29. Rc3 Rb8 30. g4 bxc5 31. bxc5 Rb2 32. a3 a6 33. Kg2 Rd2
34. Kf3 Rb2 35. Ke3 f6 36. f4 Rh2 37. Ke4 Re2+ 38. Kf3 Rb2 39. fxg5 hxg5 40.
Ke4 Re2+ 41. Kf3 Rb2 42. Ke4 1/2-1/2

[Event "DEM U14 2024"]
[Site "Willingen GER"]
[Date "2024.05.19"]
[Round "1"]
[White "Burkart, Lloyd Shang"]
[Black "Mandalka, Justus"]
[Result "1/2-1/2"]
[Termination "normal"]
[Board "8"]
[WhiteElo "2168"]
[BlackElo "1837"]
[BlackClock "00:16:49"]
[PlyCount "24"]
[WhiteFideId "16239059"]
[BlackFideId "16298144"]
[EventCountry "GER"]
[EventRounds "9"]
[EventType "swiss"]
[EventDate "2024.05.18"]

1. d4 d5 2. c4 e6 3. Nf3 c5 4. cxd5 exd5 5. g3 Nc6 6. Bg2 Nf6 7. O-O Be7 8.
dxc5 Bxc5 9. a3 a5 10. Qc2 Be7 11. Nc3 O-O 12. Rd1 Bg4 13. Be3 Rc8 14. Ng5 Bh5
15. Bxd5 Qe8 16. Bf3 Bg6 17. Qb3 h6 18. Nge4 Ne5 19. Nxf6+ Bxf6 20. Bxb7 Rb8
21. Bc5 Be7 22. Ba7 Bc2 23. Qxc2 Rxb7 24. Bd4 Qb8 25. Nd5 Bd6 26. Rac1 Rb5 27.
Bxe5 Bxe5 28. Ne7+ Kh8 29. Nc6 Qb6 30. Nxe5 Rxe5 31. Rb1 Rb5 32. b3 Rb8 33. Rd3
f6 34. Rc3 Rd8 35. Rc8 Rbd5 36. Rxd8+ Qxd8 37. Rc1 Qe7 38. Qb2 Qd7 39. Qc2 Qe7
40. Qb2 Qd7 41. Qc3 Qe7 42. Qe3 Re5 43. Qd3 f5 44. Rc8+ Kh7 45. a4 Qe6 46. Rc2
Qb6 47. Qc3 Rd5 48. Rd2 Rxd2 49. Qxd2 Qxb3 50. Qxa5 Qb1+ 51. Kg2 Qe4+ 1/2-1/2

[Event "DEM U14 2024"]
[Site "Willingen GER"]
[Date "2024.05.19"]
[Round "1"]
[White "Thümler, Floris"]
[Black "Türel, Tugrul"]
[Result "0-1"]
[Termination "normal"]
[Board "9"]
[WhiteElo "1938"]
[BlackElo "2070"]
[WhiteClock "01:20:48"]
[BlackClock "00:00:38"]
[PlyCount "123"]
[WhiteFideId "16296435"]
[BlackFideId "26338408"]
[EventCountry "GER"]
[EventRounds "9"]
[EventType "swiss"]
[EventDate "2024.05.18"]

1. e4 e5 2. Nf3 Nc6 3. Bb5 a6 4. Ba4 Nf6 5. O-O Be7 6. Qe2 b5 7. Bb3 O-O 8. d4
Nxd4 9. Nxd4 exd4 10. e5 Ne8 11. c3 c5 12. cxd4 c4 13. Bc2 d5 14. Nc3 Nc7 15.
f4 f5 16. Be3 b4 17. Na4 Ne6 18. b3 c3 19. a3 a5 20. axb4 axb4 21. Ra2 {[%clk
01:20:48]} Bd7 {[%clk 00:00:38]} 22. Rfa1 {[%clk 01:20:48]} Qc7 {[%clk
00:00:38]} 23. Nxc3 {[%clk 01:20:48]} Rxa2 {[%clk 00:00:38]} 24. Nxa2 {[%clk
01:20:48]} g6 {[%clk 00:00:38]} 25. Rd1 {[%clk 01:20:48]} Rc8 {[%clk 00:00:38]}
26. Bb1 {[%clk 01:20:48]} Qa7 {[%clk 00:00:38]} 27. Qb2 {[%clk 01:20:48]} Bb5
{[%clk 00:00:38]} 28. Bd3 {[%clk 01:20:48]} Bxd3 {[%clk 00:00:38]} 29. Rxd3
{[%clk 01:20:48]} Qc7 {[%clk 00:00:38]} 30. Rd2 {[%clk 01:20:48]} Kf7 {[%clk
00:00:38]} 31. Kf1 {[%clk 01:20:48]} Qc6 {[%clk 00:00:38]} 32. Rf2 {[%clk
01:20:48]} Bd8 {[%clk 00:00:38]} 33. Kg1 {[%clk 01:20:48]} Qb5 {[%clk
00:00:38]} 34. Qe2 {[%clk 01:20:48]} Qxe2 {[%clk 00:00:38]} 35. Rxe2 {[%clk
01:20:48]} Bb6 {[%clk 00:00:38]} 36. Rd2 {[%clk 01:20:48]} g5 {[%clk 00:00:38]}
37. fxg5 {[%clk 01:20:48]} f4 {[%clk 00:00:38]} 38. Bf2 {[%clk 01:20:48]} Nxg5
{[%clk 00:00:38]} 39. Rd1 {[%clk 01:20:48]} Ba5 {[%clk 00:00:38]} 40. Rc1
{[%clk 01:20:48]} Rxc1+ {[%clk 00:00:38]} 41. Nxc1 {[%clk 01:20:48]} Ke6 {[%clk
00:00:38]} 42. Nd3 {[%clk 01:20:48]} Kf5 {[%clk 00:00:38]} 43. Kf1 {[%clk
01:20:48]} Ne6 {[%clk 00:00:38]} 44. Ke2 {[%clk 01:20:48]} Ke4 {[%clk
00:00:38]} 45. h3 {[%clk 01:20:48]} Bb6 {[%clk 00:00:38]} 46. Nxb4 {[%clk
01:20:48]} Bxd4 {[%clk 00:00:38]} 47. Nd3 {[%clk 01:20:48]} Bxf2 {[%clk
00:00:38]} 48. Nxf2+ {[%clk 01:20:48]} Kxe5 {[%clk 00:00:38]} 49. Nd3+ {[%clk
01:20:48]} Ke4 {[%clk 00:00:38]} 50. Kd2 {[%clk 01:20:48]} h6 {[%clk 00:00:38]}
51. Nf2+ {[%clk 01:20:48]} Nc5 {[%clk 00:00:38]} 52. Kc2+ {[%clk 01:20:48]} Ke3
{[%clk 00:00:38]} 53. Ng4+ {[%clk 01:20:48]} Ke2 {[%clk 00:00:38]} 54. Nxh6
{[%clk 01:20:48]} d4 {[%clk 00:00:38]} 55. Nf5 {[%clk 01:20:48]} d3+ {[%clk
00:00:38]} 56. Kb2 {[%clk 01:20:48]} d2 {[%clk 00:00:38]} 57. Nd4 {[%clk
01:20:48]} Kd3 {[%clk 00:00:38]} 58. Nf3 {[%clk 01:20:48]} d1=Q {[%clk
00:00:38]} 59. Ne1+ {[%clk 01:20:48]} Qxe1 {[%clk 00:00:38]} 60. g3 {[%clk
01:20:48]} Qc3+ {[%clk 00:00:38]} 61. Ka2 {[%clk 01:20:48]} Qc2+ {[%clk
00:00:38]} 62. Ka1 {[%clk 01:20:48]} 1-0

[Event "DEM U14 2024"]
[Site "Willingen GER"]
[Date "2024.05.19"]
[Round "1"]
[White "Herrmann, Jakob"]
[Black "Stephanblome, Felix"]
[Result "1/2-1/2"]
[Termination "normal"]
[Board "10"]
[WhiteElo "2060"]
[BlackElo "1869"]
[PlyCount "107"]
[WhiteFideId "16287169"]
[BlackFideId "34661026"]
[EventCountry "GER"]
[EventRounds "9"]
[EventType "swiss"]
[EventDate "2024.05.18"]

1. Nf3 d5 2. g3 Nf6 3. Bg2 e6 4. O-O Be7 5. c4 O-O 6. d4 c6 7. Qc2 Nbd7 8. Nbd2
b6 9. e4 dxe4 10. Nxe4 Nxe4 11. Qxe4 Bb7 12. Bf4 Nf6 13. Qe2 Qc8 14. Rad1 Rd8
15. Bh3 h6 16. Ne5 Bd6 17. Rfe1 Bxe5 18. Bxe5 Nd7 19. Bd6 Re8 20. Qd2 c5 21. d5
exd5 22. cxd5 Rxe1+ 23. Rxe1 Qd8 24. Bg2 Qf6 25. Be7 Qd4 26. Qxd4 cxd4 27. Bh3
Nf6 28. d6 Bc6 29. Rc1 d3 30. Bxf6 d2 31. Rd1 gxf6 32. Rxd2 Rd8 33. f4 Kf8 34.
Kf2 Ke8 35. Ke3 Bd7 36. Bxd7+ Kxd7 37. Ke4 Ke6 38. d7 f5+ 39. Kf3 Rxd7 40. Rxd7
Kxd7 41. h3 h5 42. g4 hxg4+ 43. hxg4 Ke6 44. gxf5+ Kxf5 45. b3 a6 46. a3 f6 47.
a4 a5 48. Ke3 Ke6 49. Ke4 f5+ 50. Kd4 Kd6 51. Kc4 Kc6 52. b4 axb4 53. Kxb4 Kc7
54. Kb5 1/2-1/2

[Event "DEM U14 2024"]
[Site "Willingen GER"]
[Date "2024.05.19"]
[Round "1"]
[White "Schöne, Finn"]
[Black "Malinowsky, Levi"]
[Result "0-1"]
[Termination "normal"]
[Board "11"]
[BlackTitle "CM"]
[WhiteElo "1815"]
[BlackElo "1990"]
[WhiteClock "01:23:54"]
[PlyCount "50"]
[WhiteFideId "34623493"]
[BlackFideId "16253094"]
[EventCountry "GER"]
[EventRounds "9"]
[EventType "swiss"]
[EventDate "2024.05.18"]

1. d4 {[%clk 01:23:54]} Nf6 2. Nc3 {[%clk 01:23:54]} d5 3. Bf4 {[%clk
01:23:54]} c6 4. e3 {[%clk 01:23:54]} Bf5 5. f3 {[%clk 01:23:54]} e6 6. g4
{[%clk 01:23:54]} Bg6 7. h4 {[%clk 01:23:54]} h5 8. g5 {[%clk 01:23:54]} Nfd7
9. Bd3 {[%clk 01:23:54]} Bxd3 10. Qxd3 {[%clk 01:23:54]} g6 11. Nge2 {[%clk
01:23:54]} Bg7 12. O-O-O {[%clk 01:23:54]} O-O 13. e4 {[%clk 01:23:54]} b5 14.
Ng3 {[%clk 01:23:54]} Nb6 15. Be5 {[%clk 01:23:54]} Bxe5 16. dxe5 {[%clk
01:23:54]} Nc4 17. exd5 {[%clk 01:23:54]} cxd5 18. f4 {[%clk 01:23:54]} Qa5 19.
Rdg1 {[%clk 01:23:54]} Nc6 20. Nxh5 {[%clk 01:23:54]} gxh5 21. g6 {[%clk
01:23:54]} f5 22. exf6 {[%clk 01:23:54]} Rxf6 23. Nxd5 {[%clk 01:23:54]} Rf5
24. Nc3 {[%clk 01:23:54]} Qb4 25. Qd7 {[%clk 01:23:54]} Qxb2+ 0-1

[Event "DEM U14 2024"]
[Site "Willingen GER"]
[Date "2024.05.19"]
[Round "1"]
[White "Neuhoff, Laertes"]
[Black "Martemyanov, Mikhail"]
[Result "1-0"]
[Termination "normal"]
[Board "12"]
[WhiteElo "2089"]
[BlackElo "1720"]
[PlyCount "108"]
[WhiteFideId "16279719"]
[BlackFideId "34303774"]
[EventCountry "GER"]
[EventRounds "9"]
[EventType "swiss"]
[EventDate "2024.05.18"]

1. e4 c5 2. Nf3 e6 3. g3 Nc6 4. Bg2 Nf6 5. Qe2 e5 6. O-O Be7 7. Nc3 d6 8. Nd5
O-O 9. c3 Be6 10. Nxe7+ Qxe7 11. Rd1 Bg4 12. h3 Bh5 13. g4 Bg6 14. Nh4 Rad8 15.
Nf5 Qe6 16. d3 d5 17. Bg5 dxe4 18. dxe4 Rxd1+ 19. Rxd1 Ne8 20. h4 f6 21. Be3 b6
22. b3 Bf7 23. Qb5 Kh8 24. Bf1 Nc7 25. Qa4 Be8 26. Qc4 Qc8 27. f3 Bf7 28. Qa4
Be8 29. Nd6 Qd7 30. Be2 Nd4 31. Qxd7 Nxe2+ 32. Kf2 Bxd7 33. Kxe2 Be6 34. Nf5
Kg8 35. c4 Kf7 36. Rd6 Bxf5 37. exf5 Ke7 38. Rd1 Na6 39. a3 Nb8 40. b4 cxb4 41.
axb4 Rc8 42. c5 Nd7 43. Rc1 Rc6 44. Kd3 a6 45. Ke4 bxc5 46. bxc5 Kd8 47. Kd5
Rc8 48. c6 Nf8 49. Bc5 Kc7 50. Bd6+ Kb6 51. Rb1+ Ka5 52. Bxf8 Rxf8 53. c7 e4
54. fxe4 Re8 1-0

[Event "DEM U14 2024"]
[Site "Willingen GER"]
[Date "2024.05.19"]
[Round "1"]
[White "Vranckx, Oscar"]
[Black "Stichter, Constantin Paul"]
[Result "1/2-1/2"]
[Termination "normal"]
[Board "13"]
[WhiteElo "1870"]
[BlackElo "2022"]
[WhiteClock "01:37:58"]
[BlackClock "00:24:35"]
[PlyCount "97"]
[WhiteFideId "34608788"]
[BlackFideId "34603140"]
[EventCountry "GER"]
[EventRounds "9"]
[EventType "swiss"]
[EventDate "2024.05.18"]

1. e4 {[%clk 01:30:56]} {[%emt 00:00:02]} e6 {[%clk 01:30:25]} {[%emt
00:00:37]} 2. d4 {[%clk 01:30:55]} {[%emt 00:00:30]} d5 {[%clk 01:30:42]}
{[%emt 00:00:13]} 3. Bd3 {[%clk 01:31:09]} {[%emt 00:00:16]} dxe4 {[%clk
01:30:47]} {[%emt 00:00:26]} 4. Bxe4 {[%clk 01:31:29]} {[%emt 00:00:09]} Nf6
{[%clk 01:31:10]} {[%emt 00:00:07]} 5. Bf3 {[%clk 01:31:52]} {[%emt 00:00:07]}
c5 {[%clk 01:30:52]} {[%emt 00:00:49]} 6. Ne2 {[%clk 01:32:14]} {[%emt
00:00:07]} Be7 {[%clk 01:31:15]} {[%emt 00:00:07]} 7. O-O {[%clk 01:31:45]}
{[%emt 00:00:59]} O-O {[%clk 01:31:36]} {[%emt 00:00:09]} 8. Be3 {[%clk
01:28:39]} {[%emt 00:03:36]} Qc7 {[%clk 01:31:27]} {[%emt 00:00:40]} 9. Nbc3
{[%clk 01:26:57]} {[%emt 00:02:12]} cxd4 {[%clk 01:27:58]} {[%emt 00:03:59]}
10. Nxd4 {[%clk 01:25:02]} {[%emt 00:02:25]} a6 {[%clk 01:06:01]} {[%emt
00:22:27]} 11. Qe2 {[%clk 01:23:02]} {[%emt 00:02:29]} e5 {[%clk 01:04:09]}
{[%emt 00:02:23]} 12. Nb3 {[%clk 01:23:17]} {[%emt 00:00:14]} Be6 {[%clk
00:46:11]} {[%emt 00:18:29]} 13. Rad1 {[%clk 01:20:22]} {[%emt 00:03:24]} Bc4
{[%clk 00:40:15]} {[%emt 00:06:26]} 14. Qe1 {[%clk 01:20:44]} {[%emt 00:00:07]}
Bxf1 {[%clk 00:38:57]} {[%emt 00:01:49]} 15. Qxf1 {[%clk 01:21:06]} {[%emt
00:00:09]} Nbd7 {[%clk 00:38:07]} {[%emt 00:01:20]} 16. g4 {[%clk 01:19:24]}
{[%emt 00:02:11]} e4 {[%clk 00:26:10]} {[%emt 00:12:28]} 17. Nxe4 {[%clk
01:18:43]} {[%emt 00:01:11]} Nxe4 {[%clk 00:24:51]} {[%emt 00:01:48]} 18. Bxe4
{[%clk 01:19:10]} {[%emt 00:00:03]} Nc5 {[%clk 00:15:52]} {[%emt 00:09:30]} 19.
Nxc5 {[%clk 01:15:17]} {[%emt 00:04:23]} Bxc5 {[%clk 00:16:02]} {[%emt
00:00:20]} 20. Qh3 {[%clk 01:15:32]} {[%emt 00:00:14]} g6 {[%clk 00:14:20]}
{[%emt 00:02:13]} 21. Bh6 {[%clk 01:14:37]} {[%emt 00:01:24]} Rfd8 {[%clk
00:08:38]} {[%emt 00:06:13]} 22. Bd5 {[%clk 01:11:15]} {[%emt 00:03:51]} Bf8
{[%clk 00:04:03]} {[%emt 00:05:04]} 23. Bg5 {[%clk 01:10:51]} {[%emt 00:00:53]}
Rxd5 {[%clk 00:01:15]} {[%emt 00:03:19]} 24. Rxd5 {[%clk 01:10:56]} {[%emt
00:00:26]} Re8 {[%clk 00:01:24]} {[%emt 00:00:19]} 25. Qc3 {[%clk 01:10:51]}
{[%emt 00:00:36]} Qxc3 {[%clk 00:00:53]} {[%emt 00:01:01]} 26. bxc3 {[%clk
01:09:21]} {[%emt 00:02:00]} Bg7 {[%clk 00:01:01]} {[%emt 00:00:22]} 27. c4
{[%clk 01:09:41]} {[%emt 00:00:10]} h6 {[%clk 00:01:22]} {[%emt 00:00:09]} 28.
Rd8 {[%clk 01:09:58]} {[%emt 00:00:13]} Rxd8 {[%clk 00:01:23]} {[%emt
00:00:29]} 29. Bxd8 {[%clk 01:10:26]} {[%emt 00:00:02]} Kf8 {[%clk 00:01:43]}
{[%emt 00:00:11]} 30. Kg2 {[%clk 01:09:59]} {[%emt 00:00:57]} Ke8 {[%clk
00:02:06]} {[%emt 00:00:06]} 31. Ba5 {[%clk 01:10:09]} {[%emt 00:00:20]} Kd7
{[%clk 00:00:53]} {[%emt 00:01:43]} 32. Kf3 {[%clk 01:09:45]} {[%emt 00:00:54]}
Kc6 {[%clk 00:00:56]} {[%emt 00:00:27]} 33. Ke4 {[%clk 01:10:09]} {[%emt
00:00:05]} Kc5 {[%clk 00:00:52]} {[%emt 00:00:35]} 34. Kd3 {[%clk 01:10:34]}
{[%emt 00:00:05]} Bf6 {[%clk 00:00:52]} {[%emt 00:00:30]} 35. a3 {[%clk
01:10:21]} {[%emt 00:00:43]} Be5 {[%clk 00:00:44]} {[%emt 00:00:38]} 36. h3
{[%clk 01:10:37]} {[%emt 00:00:14]} f5 {[%clk 00:00:34]} {[%emt 00:00:40]} 37.
Bb4+ {[%clk 01:09:04]} {[%emt 00:02:03]} Kc6 {[%clk 00:01:00]} {[%emt
00:00:04]} 38. gxf5 {[%clk 01:09:02]} {[%emt 00:00:32]} gxf5 {[%clk 00:01:27]}
{[%emt 00:00:03]} 39. Ke3 {[%clk 01:09:24]} {[%emt 00:00:08]} Kd7 {[%clk
00:01:44]} {[%emt 00:00:14]} 40. Bc5 {[%clk 01:09:19]} {[%emt 00:00:35]} Ke6
{[%clk 00:01:57]} {[%emt 00:00:17]} 41. Bd4 {[%clk 01:08:58]} {[%emt 00:00:50]}
Bd6 {[%clk 00:29:57]} {[%emt 00:02:30]} 42. c5 {[%clk 01:39:22]} {[%emt
00:00:07]} Bc7 {[%clk 00:27:50]} {[%emt 00:02:37]} 43. c4 {[%clk 01:39:42]}
{[%emt 00:00:10]} h5 {[%clk 00:27:56]} {[%emt 00:00:23]} 44. Bg7 {[%clk
01:38:55]} {[%emt 00:01:16]} Bb8 {[%clk 00:26:27]} {[%emt 00:02:00]} 45. Kd4
{[%clk 01:38:44]} {[%emt 00:00:41]} Bc7 {[%clk 00:24:52]} {[%emt 00:02:05]} 46.
Bf8 {[%clk 01:38:06]} {[%emt 00:01:08]} Be5+ {[%clk 00:25:12]} {[%emt
00:00:10]} 47. Ke3 {[%clk 01:38:23]} {[%emt 00:00:12]} Bb2 {[%clk 00:24:32]}
{[%emt 00:01:11]} 48. a4 {[%clk 01:37:58]} {[%emt 00:00:56]} Be5 {[%clk
00:24:35]} {[%emt 00:00:26]} 49. Bd6 {[%emt 00:01:19]} 1/2-1/2